Uncertainty: a guide to dealing with uncertainty in quantitative risk and policy analysis

Guardat en:
Dades bibliogràfiques
Autors principals: Morgan, M. Granger (autor), Henrion, Max (Autor), Small, Mitchell (Autor)
Format: Llibre
Idioma:anglès
Publicat: Cambridge Cambridge University 1993
Matèries:
Etiquetes: Afegir etiqueta
Sense etiquetes, Sigues el primer a etiquetar aquest registre!

MARC

LEADER 00000nam a2200000 a 4500
001 UCU5758
003 CL-VaPUC
008 960614e19930000uk |||||||||||||||||eng|d
082 0 4 |a 519.287  |b MOR  |2 21 
100 |a Morgan, M. Granger  |e autor  |9 363741 
700 0 |a Henrion, Max  |e author  |9 363742 
700 0 |a Small, Mitchell  |e author  |9 363743 
245 1 0 |a Uncertainty: a guide to dealing with uncertainty in quantitative risk and policy analysis 
300 |a 332 p 
942 |c BK 
945 |d 19960614 00:00:00  |a rbrito 
260 |a Cambridge  |b Cambridge University  |c 1993 
650 0 |a Teoría de probabilidades   |9 336944 
650 0 |a Análisis cualitativo   |9 346076 
650 0 |a Probabilidades   |9 260199 
650 0 |a Funciones   |9 263869 
583 |a last modification  |c 20130806 05:59:34  |k Rodrigo Vera 
999 |c 248951  |d 248949